[Event "IND-ch U13 Girls 35th"]
[Site "Puducherry"]
[Date "2022.12.14"]
[Round "6"]
[White "Sani, Deshpande"]
[Black "Ananya, Raman"]
[Result "1-0"]
[WhiteElo "1482"]
[BlackElo "1367"]
[PlyCount "120"]
[EventDate "2022.12.11"]
[EventType "swiss"]
[EventRounds "11"]
[EventCountry "IND"]
[SourceTitle "EXT 2024"]
[Source "ChessBase"]
[SourceDate "2023.10.10"]
[SourceVersion "1"]
[SourceVersionDate "2023.10.10"]
[SourceQuality "1"]

1. e4 c5 2. Nf3 d6 3. Bb5+ Nd7 4. 0-0 Ngf6 5. Re1 g6 6. c3 a6 7. Bd3 Bg7 8. Bc2 0-0 9. d4 cxd4 10. cxd4 e5 11. d5 b5 12. Be3 Bb7 13. Nbd2 Rc8 14. Nf1 Nb6 15. b3 Nfd7 16. Bxb6 Nxb6 17. Ne3 Qd7 18. g4 Rc3 19. Rc1 f6 20. Qd2 Rcc8 21. h3 h5 22. Kg2 Bh6 23. gxh5 gxh5 24. Nh4 f5 25. Qe2 Bxe3 26. Qxe3 Nxd5 27. exd5 Bxd5+ 28. Kh2 Kh7 29. Qg5 e4 30. Qxh5+ Kg7 31. Rg1+ Kf6 32. Rg6+ Ke7 33. Qg5+ Ke8 34. Rg7 Qe6 35. Ng6 Rf7 36. Rg8+ Kd7 37. Rxc8 Kxc8 38. Bxe4+ Kb7 39. Bxd5+ Qxd5 40. Re1 Kb6 41. Qd8+ Kc5 42. Qa5 Qd4 43. Rc1+ Kd5 44. Qe1 Qe4 45. Rd1+ Kc6 46. Qd2 Rf6 47. Nf4 Rh6 48. Qd5+ Qxd5 49. Nxd5 Re6 50. Nf4 Re8 51. h4 Rh8 52. h5 Kd7 53. Kh3 Rh6 54. Kh4 Ke7 55. Kg5 Rh7 56. h6 a5 57. Kg6 Rf7 58. h7 Rf6+ 59. Kg5 Rf8 60. Ng6+ Kf7 1-0

[Event "Eastern Asia-ch U12 Girls"]
[Site "Tornelo INT"]
[Date "2021.10.24"]
[Round "9"]
[White "Ananya, Raman"]
[Black "Kaliakhmet, Elnaz"]
[Result "0-1"]
[WhiteElo "1086"]
[BlackElo "1500"]
[PlyCount "126"]
[EventDate "2021.10.22"]
[EventType "swiss"]
[EventRounds "9"]
[EventCountry "NET"]
[SourceTitle "EXT 2023"]
[Source "ChessBase"]
[SourceDate "2022.10.05"]
[SourceVersion "1"]
[SourceVersionDate "2022.10.05"]
[SourceQuality "1"]

1. e4 c5 2. Nf3 e6 3. d4 cxd4 4. Nxd4 a6 5. Nc3 Qc7 6. Be3 Bb4 7. Qd2 Nf6 8. f3 d5 9. Bd3 e5 10. a3 Bxc3 11. bxc3 exd4 12. cxd4 Be6 13. e5 Nfd7 14. 0-0 Nc6 15. f4 g6 16. Qf2 Ne7 17. h3 h5 18. Rab1 Rc8 19. Rb2 b5 20. a4 bxa4 21. Bxa6 Rb8 22. Rxb8+ Qxb8 23. Qh4 Nf5 24. Qf2 a3 25. Bd3 a2 26. Bxf5 Bxf5 27. Qe1 Qb2 28. Qa1 Qxa1 29. Rxa1 0-0 30. Rxa2 Rc8 31. Ra5 Be6 32. Ra2 Nb6 33. Kf2 Bf5 34. Kg3 Rc3 35. Kf2 Nc4 36. Bc1 Rxc2+ 37. Rxc2 Bxc2 38. g4 hxg4 39. hxg4 Kf8 40. Kg3 Be4 41. Kh4 Ke7 42. Kg5 Ke6 43. Kh4 Na5 44. Ba3 Nb3 45. Bb2 Nd2 46. Kg5 Nf3+ 47. Kh6 Nh2 48. Kg5 Bd3 49. Bc3 Be4 50. Bb2 Nf1 51. Kh6 Ne3 52. Kg5 Bf3 53. Bc1 Nxg4 54. Bd2 Nf2 55. Ba5 Be4 56. Kh4 Bf5 57. Kg3 Ne4+ 58. Kg2 Kd7 59. Bb6 Kc6 60. Ba7 Kb5 61. Kf3 Kc4 62. Ke3 Kc3 63. Bb6 Kc2 0-1

[Event "Eastern Asia-ch U12 Girls"]
[Site "Tornelo INT"]
[Date "2021.10.23"]
[Round "4"]
[White "Ananya, Raman"]
[Black "Nguyen, Huynh Mai Hoa"]
[Result "1-0"]
[WhiteElo "1086"]
[BlackElo "1245"]
[PlyCount "65"]
[EventDate "2021.10.22"]
[EventType "swiss"]
[EventRounds "9"]
[EventCountry "NET"]
[SourceTitle "EXT 2023"]
[Source "ChessBase"]
[SourceDate "2022.10.05"]
[SourceVersion "1"]
[SourceVersionDate "2022.10.05"]
[SourceQuality "1"]

1. e4 c5 2. Nf3 Nc6 3. d4 cxd4 4. Nxd4 g6 5. Nc3 Bg7 6. Be3 Nf6 7. Bc4 0-0 8. f3 Qb6 9. Qd2 Nxe4 10. Nxc6 Nxd2 11. Nxe7+ Kh8 12. Bxb6 Nxc4 13. Bc5 d6 14. Nxc8 Raxc8 15. Bf2 Nxb2 16. Ne4 Nd3+ 17. cxd3 Bxa1 18. Kd2 Be5 19. Be3 f5 20. Ng5 f4 21. Bf2 Bc3+ 22. Kd1 Rce8 23. Ne4 Bg7 24. Kd2 d5 25. Nd6 Re7 26. a3 a6 27. Rb1 Rd7 28. Bc5 Rc7 29. d4 b5 30. Re1 Rd8 31. Bb6 Rdc8 32. Bxc7 Bxd4 33. Nxc8 1-0